Visualizzazione normale
Vista MARC
- Holmes Charlie
di Personal Name
Records bibliografici associati: 1
001 - CONTROL NUMBER
- control field: 13595
003 - CONTROL NUMBER IDENTIFIER
- control field: IT-RoPau
005 - DATE AND TIME OF LATEST TRANSACTION
- control field: 20140214220008.0
008 - FIXED-LENGTH DATA ELEMENTS
- fixed length control field: 140214|| aca||aabn | a|a d
040 ## - CATALOGING SOURCE
- Original cataloging agency: IT-RoPau
- Transcribing agency: IT-RoPau
100 ## - HEADING--PERSONAL NAME
- Personal name: Holmes Charlie
- Dates associated with a name: Codice autore SPICS: 16285
- Relator term: Autore
- Name of part/section of a work: Saratoga Shout
670 ## - SOURCE DATA FOUND
- Source citation: Work cat.: (IT-RoPau)99953: AA.VV. 794, Favolose big bands (Le)